00509nam a2200145Ia 4500003000900000008004100009020002600050040001600076100002000092245006300112260003200175300002000207490003300227856010300260IN-BaIIA211028s9999 xx s 000 0 eng d a9780819499462 (Print) cIIA Library aSaid, Amir, ed. 0aVisual Information Processing and Communication Vh[eBook] aWashington, USAbSPIEc2014 aOnline resource aProceedings of SPIE; V. 9029 uhttps://www.spiedigitallibrary.org/conference-proceedings-of-spie/9029yClick Here to Access eBook